Mirage / (Record no. 4072)

000 -LEADER
fixed length control field 01275cam a2200325 a 4500
001 - CONTROL NUMBER
control field 13220327
003 - CONTROL NUMBER IDENTIFIER
control field Nust
005 - DATE AND TIME OF LATEST TRANSACTION
control field 20180723070708.0
008 - FIXED-LENGTH DATA ELEMENTS--GENERAL INFORMATION
fixed length control field 010316s2001 enk 000 1 eng
010 ## - LIBRARY OF CONGRESS CONTROL NUMBER
LC control number 2003447717
020 ## - INTERNATIONAL STANDARD BOOK NUMBER
International Standard Book Number 9780143066392 (pbk.)
Terms of availability Rs. 476
035 ## - SYSTEM CONTROL NUMBER
System control number (UkLWHE)b000104746
038 ## - RECORD CONTENT LICENSOR
Staff Name Arshad
040 ## - CATALOGING SOURCE
Original cataloging agency DLC
Transcribing agency DLC
Modifying agency DLC
042 ## - AUTHENTICATION CODE
Authentication code pcc
050 00 - LIBRARY OF CONGRESS CALL NUMBER
Classification number PR6103.H36548
Item number M57 2001
082 00 - DEWEY DECIMAL CLASSIFICATION NUMBER
Classification number 823.92
Author Mark CHA
100 1# - MAIN ENTRY--PERSONAL NAME
Personal name Chandraratna, Bandula.
9 (RLIN) 11943
245 10 - TITLE STATEMENT
Title Mirage /
Statement of responsibility, etc. Bandula Chandraratna.
260 ## - PUBLICATION, DISTRIBUTION, ETC.
Place of publication, distribution, etc. London :
Name of publisher, distributor, etc. Phoenix,
Date of publication, distribution, etc. 2001.
300 ## - PHYSICAL DESCRIPTION
Extent 214 p. ;
Dimensions 20 cm.
500 ## - GENERAL NOTE
General note Originally published: Oundle : Serendip Publishers, 1998.
500 ## - GENERAL NOTE
General note "Revised edition published in 2000"--T.p. verso.
650 #0 - SUBJECT ADDED ENTRY--TOPICAL TERM
Topical term or geographic name entry element Village communities
Geographic subdivision Islamic countries
Form subdivision Fiction.
9 (RLIN) 11944
856 42 - ELECTRONIC LOCATION AND ACCESS
Materials specified Publisher description
Uniform Resource Identifier <a href="http://www.loc.gov/catdir/description/orion051/2003447717.html">http://www.loc.gov/catdir/description/orion051/2003447717.html</a>
856 42 - ELECTRONIC LOCATION AND ACCESS
Materials specified Contributor biographical information
Uniform Resource Identifier <a href="http://www.loc.gov/catdir/bios/orion051/2003447717.html">http://www.loc.gov/catdir/bios/orion051/2003447717.html</a>
906 ## - LOCAL DATA ELEMENT F, LDF (RLIN)
a 7
b cbc
c origres
d 3
e ncip
f 20
g y-gencatlg
942 ## - ADDED ENTRY ELEMENTS (KOHA)
Source of classification or shelving scheme
Koha item type Book
Holdings
Withdrawn status Lost status Source of classification or shelving scheme Damaged status Not for loan Collection code Permanent Location Current Location Shelving location Date acquired Total Checkouts Total Renewals Full call number Barcode Date last seen Date last checked out Copy number Price effective from Koha item type
            Central Library (CL) Central Library (CL) Fiction 12/19/2016 6 1 823.92 CHA CL74 11/05/2025 11/05/2025 1 12/19/2016 Book
© 2023 Central Library, National University of Sciences and Technology. All Rights Reserved.